| 000 | 00936cam a2200301 4500 | ||
|---|---|---|---|
| 008 | 090401t1996 xxu||||| |||| 00| 0 eng d | ||
| 020 | _a0113220413 | ||
| 035 | _a(Sirsi) u94293 | ||
| 041 | _aeng | ||
| 110 |
_aNHS Estates _92893 |
||
| 245 | _aGuide to building, engineering and grounds maintenance contracts for the NHS Estate. | ||
| 260 |
_aLondon _bStationery Office _c1996 |
||
| 300 | _a54p. ; 30cm. | ||
| 350 | _a35 | ||
| 520 | _aForms part of Concode set of documents and FILED in Concode Volume 2. | ||
| 650 | _aBUILT ENVIRONMENT-BUILDING CONTRACT FORMS | ||
| 650 | _aCONCODE | ||
| 650 | _aENGINEERING CONTRACTS | ||
| 650 | _aGROUNDS MAINTENANCE | ||
| 650 | _aJCT | ||
| 650 | _aJOBBING CONTRACTS | ||
| 650 | _aLUMP SUM TERM CONTRACTS | ||
| 650 | _aMEASURED TERM CONTRACTS | ||
| 650 | _aNATIONAL HEALTH SERVICE | ||
| 690 | _aBUILT ENVIRONMENT-BUILDING CONTRACT FORMS | ||
| 942 | _n0 | ||
| 948 | _c04/03/1997 | ||
| 999 |
_c97973 _d97973 |
||